Entwicklungsprobleme Einer Region : das Beispiel Rheinland und Westfalen Im 19. Jahrhundert.

Bibliographic Details
Main Author: Blaich, Fritz.
Format: eBook
Language:German
Published: Berlin : Duncker & Humblot, 1981.
Edition:1st ed.
Series:Schriften des Vereins Für Socialpolitik Series
Subjects:
Online Access:Click to View
LEADER 04761nam a22003973i 4500
001 EBC7101001
003 MiAaPQ
005 20240729202203.0
006 m o d |
007 cr cnu||||||||
008 240729s1981 xx o ||||0 ger d
020 |a 9783428449590  |q (electronic bk.) 
020 |z 9783428049592 
035 |a (MiAaPQ)EBC7101001 
035 |a (Au-PeEL)EBL7101001 
035 |a (OCoLC)1347025866 
040 |a MiAaPQ  |b eng  |e rda  |e pn  |c MiAaPQ  |d MiAaPQ 
100 1 |a Blaich, Fritz. 
245 1 0 |a Entwicklungsprobleme Einer Region :  |b das Beispiel Rheinland und Westfalen Im 19. Jahrhundert. 
250 |a 1st ed. 
264 1 |a Berlin :  |b Duncker & Humblot,  |c 1981. 
264 4 |c ©1981. 
300 |a 1 online resource (277 pages) 
336 |a text  |b txt  |2 rdacontent 
337 |a computer  |b c  |2 rdamedia 
338 |a online resource  |b cr  |2 rdacarrier 
490 1 |a Schriften des Vereins Für Socialpolitik Series 
505 0 |a Intro -- Vorwort -- Inhaltsverzeichnis -- Peter Borscheid/Michael Jennrich/Georg Weßling: Saison- und Etappenwanderung im Münsterland 1880-1900 -- Wilfried Feldenkirchen, Bonn: Zum Einfluß der Standortfaktoren auf die Eisen- und Stahlindustrie des Ruhrgebietes (bis 1914) -- I. -- II. -- III. -- IV. -- Hubert Kiesewetter, Berlin: Agrarreform, landwirtschaftliche Produktion und Industrialisierung im Königreich Sachsen 1832-1861 -- I. Einleitung -- II. Die Agrarreformmaßnahmen -- 1. Die Inhalte des Gesetzes -- 2. Die Ablösungen -- 3. Die Landrentenbank -- III. Die Bodennutzungssysteme -- IV. Die Bodenmelioration -- V. Die landwirtschaftliche Produktion -- 1. Die Ernteerträge -- 2. Die Viehhaltung -- a) Die Pferde -- b) Die Schweine -- c) Das Rindvieh -- d) Die Schafe -- VI. Indikatoren der Industrialisierung -- 1. Die Land-Stadt-Wanderung -- 2. Die Erwerbstätigen -- 3. Das Handwerk -- VII. Industrielle Agrarreform oder agrarische Industrialisierung? -- Hellmuth St. Seidenfus, Münster: Was erwartet die Nationalökonomie von einer regionalen Wirtschaftsgeschichte? -- 1. Das Verhältnis: Nationalökonomie - Wirtschaftsgeschichte -- 2. Die Bedeutung der Wirtschaftsgeschichte für die Nationalökonomie -- 2.1. Erkenntnisgegenstand und Methode der Wirtschaftsgeschichte -- 2.2. Neue Wirtschaftsgeschichte (New Economic History) -- 2.3. Aufgaben der Wirtschaftsgeschichte im Rahmen von Theoriefindung und Theorieprüfung -- 2.3.1. Wirtschaftsgeschichte als Erfahrungsbasis und „Verifikationsfeld" ökonomischer Theorien -- 2.3.2. Wirtschaftsgeschichte als „Korrektiv" der Nationalökonomie -- 3. Regionale Wirtschaftsgeschichte und Nationalökonomie -- 3.1. Der Faktor „Raum" in der Nationalökonomie -- 3.2. Der Faktor „Raum" in der Wirtschaftsgeschichte: Regionale Wirtschaftsgeschichte -- 3.3. Die Bedeutung der Regionalen Wirtschaftsgeschichte für die Nationalökonomie. 
505 8 |a 3.3.1. Regionale Wirtschaftsgeschichte und allgemeine Volkswirtschaftslehre -- 3.3.2. Regionale Wirtschaftsgeschichte und Regionalökonomie -- 3.3.2.1. Allgemeine Bedeutung der Regionalen Wirtschaftsgeschichte für die Regionalökonomie -- 3.3.2.2. Die Bedeutung der Regionalen Wirtschaftsgeschichte für die Regionalökonomie am Beispiel ausgewählter regionalökonomischer Fragestellungen -- 1. Die Entstehung räumlicher Disparitäten -- 2. Regional differenzierte Entwicklungsprozesse -- Hans-Jürgen Teuteberg, Münster: Der Einfluß der Agrarreformen auf die Betriebsorganisation und Produktion der bäuerlichen Wirtschaft Westfalens im 19. Jahrhundert -- I. Einführung -- II. Grundzüge der westfälischen Agrarverfassung im 18. Jahrhundert -- III. Etappen der Reformgesetzgebung -- IV. Die tatsächlichen Veränderungen der landwirtschaftlichen Betriebe und ihrer Produktion -- a) Die Ablösung der Reallasten und die Durchführung der Gemeinheitsteilungen -- b) Änderungen der Bodennutzung -- c) Entwicklung der Ernteerträge -- d) Wandel in der Viehhaltung -- V. Die Rolle der Agrarreformen für die Modernisierung der westfälischen Landwirtschaft. 
588 |a Description based on publisher supplied metadata and other sources. 
590 |a Electronic reproduction. Ann Arbor, Michigan : ProQuest Ebook Central, 2024. Available via World Wide Web. Access may be limited to ProQuest Ebook Central affiliated libraries.  
655 4 |a Electronic books. 
776 0 8 |i Print version:  |a Blaich, Fritz  |t Entwicklungsprobleme Einer Region: das Beispiel Rheinland und Westfalen Im 19. Jahrhundert  |d Berlin : Duncker & Humblot,c1981  |z 9783428049592 
797 2 |a ProQuest (Firm) 
830 0 |a Schriften des Vereins Für Socialpolitik Series 
856 4 0 |u https://ebookcentral.proquest.com/lib/matrademy/detail.action?docID=7101001  |z Click to View